| 000 | 01080nam a2200313Ia 4500 | ||
|---|---|---|---|
| 000 | nam a22 i 4500 | ||
| 001 | UNACH-5876 | ||
| 007 | ta | ||
| 008 | 221212s ||||fr|||| 00| | spa d | ||
| 020 | _a978-970-10-2662-5 | ||
| 041 | 0 | _aspa | |
| 082 | 0 | 4 |
_a658 _bAdministración general, administración de empresas |
| 100 | 1 |
_aGarza Treviño, Juan Gerardo, _eautor |
|
| 245 | 1 | 0 | _aAdministración contemporánea |
| 250 | _a2a ed | ||
| 264 | 3 | 1 |
_a[México] : _aD.T México : _bMcGraw-Hill Interamericana, _c2000 |
| 300 |
_a418 páginas : _bilustraciones, tablas |
||
| 336 |
_atexto _btxt _2rdacontent |
||
| 337 |
_ano mediado _bn _2rdamedia |
||
| 338 |
_avolumen _bnc _2rdacarrier |
||
| 504 | _aIncluye índice. | ||
| 505 | 0 | _aAdministración.-- Desarrollo del pensamiento administrativo.-- Administración de operaciones.-- Tendencias en los negocios. | |
| 650 | 1 | 4 | _aADMINISTRACIÓN |
| 650 | 2 | 4 | _aADMINISTRACIÓN DE EMPRESA |
| 650 | 2 | 4 | _aORGANIZACION DE NEGOCIOS |
| 653 | 0 | _aAdministracion general, administración de empresas | |
| 942 |
_2ddc _c1 _n0 |
||
| 999 |
_c4751 _d4751 |
||